Регионална библиотека "Любен Каравелов" - Русе

Сигурни знаци за твоята смърт (Запис номер 389590)

MARC детайли
000 -Лидер
Контролно поле с фиксирана дължина 01169nam a2200325 a 4500
003 - Код на организацията, давaща контролен номер
Контролно поле BLK
005 - Дата и час на последна редакция
Контролно поле 20240420094907.0
008 - Елементи от данни с фиксирана дължина
fixed length control field 201001b bul|||||r ||||||| ||bul||
010 ## - Наследен системен номер
LC control number KNG00214888000
020 ## - Международен стандартен номер на книга ISBN
Международен стандартен номер на книга ISBN 9786192350482
040 ## - Източник на каталожния запис
Идентификатор на билиотеката - собственик на записа BLK
041 ## - Код за език
Код за езика на текст/звукозапис или на отделно заглавие Български
Код за езика КДБФ Български
080 ## - УДК
Текстов определител УДК Норвежка литература
УДК код - определител по УДК 821.113.5
УДК определител -312.4
УДК - код + определител 821.113.5-312.4
100 1# - Редна дума - Автор
Автор Дамхауг, Торкил
Авторска отговорност първи автор
R(LIN) 58169
139 ## - Редно поле
Редна дума Дамхауг, Торкил
Авторски знак Дам - Д 15
245 10 - Сведения за заглавието
Заглавие Сигурни знаци за твоята смърт
Подзаглавни данни Роман : Скандинавски трилър
Редно поле (дума) Торкил Дамхауг; прев. Галина Узунова.
257 ## - Страна на издаване
Страна на създаване/издаване Норвегия
260 ## - Област на издателските данни
Място на издаване, разпространение и проч. София
Име на издателя, разпространителя и проч. Светлана Янчева - Изида
Година на издаване 2020
300 ## - Физическа характеристика
Страници 480 с.
Размери/Мащаб 20 см
380 ## - Жанр
Жанр Худож. лит.
490 ## - СЕРИИ (Колекции)
Име на серия Поредица Скандинавски трилъри
653 ## - Ключова дума – ненормативна
Ключова дума крими
653 ## - Ключова дума – ненормативна
Ключова дума романи
700 ## - Други автори (авторска отговорност)
Лично име Узунова, Галина
Автороска отговорност (Описва отношението между автора и произведението) прев.
9 (RLIN) 389458
856 4# - Електронен адрес и достъп
Електронен формат pdf - файл
856 4# - Електронен адрес и достъп
Електронен формат pdf - файл
942 ## - АРТИКУЛИ
Вид на библиотечния материал Книги
Скрит в OPAC Не
Koha issues (borrowed), all copies 39
Периодичен библиозапис Да
944 ## - СЪЗДАВАНЕ И РЕДАКЦИЯ на ЗАПИСА
Създаване/Редакция Създаване
Дата на регистрацията/редакция 2020-10-01
Служител, извършил регистрацията/редакцията 30546
Статус, дата на статуса Ренета Константинова
999 ## - СИСТЕМНИ КОНТРОЛНИ НОМЕРА
Koha biblionumber 389590
Koha biblioitemnumber 389590
999 ## - СИСТЕМНИ КОНТРОЛНИ НОМЕРА
Koha biblioitemnumber 389590
Наличности
Код за отписване Код за изгубен артикул Източник на класификационната схема Код за повреда Коз за рестрикции Код за отдаване Артикулен № Име на библиотеката - собственик Име на библиотеката, в която се намира в момента Статус (Текущо местоположение) Дата на вписване в системата Местоположение - отдел Цена в лева Систематично азбучна сигнатура Баркод Цена в евро Служебен тип на артикула
  Не е изгубен Universal Decimal Classification Не е повреден без рестрикции заемане за дома 802476 Регионална библиотека "Любен Каравелов" Русе Регионална библиотека "Любен Каравелов" Русе Заемна - подръчен фонд 2020-10-02 Заемна - подръчен фонд 15.00 821-31/Д 15 Т 120000848448 7.67 Книги
Vip Innovations Ltd, Rousse, Bulgaria 2025